| 000 | 00752 a2200181 4500 | ||
|---|---|---|---|
| 003 | Nust | ||
| 005 | 20230531104129.0 | ||
| 010 | _a9574873 | ||
| 020 | _a1575760185 | ||
| 040 | _cNust | ||
| 082 | _a005.3,ACK | ||
| 100 |
_aAcklen, Laura _998211 |
||
| 245 |
_aWordperfect 7 for windows 95 essentials / _cLaura Acklen |
||
| 260 |
_aUSA _bQUE _c1997 |
||
| 300 | _a246p | ||
| 505 | _aGetting started with wordperfect7 (Page-1), working with documents (Page-31), Editing documents (Page-63), Using the writing tools(Page 89), Formatting documents (Page-111), Advanced editing (Page-139), Advanced formatting techniques (Page-167) Using tables and graphics, (Page-197), Working with windows95 and windows NT 4.0 (Page-225). | ||
| 942 |
_2ddc _cBK _k005.3,ACK |
||
| 999 |
_c198691 _d198691 |
||